Experimental Dimensions of Advaita Vedanta. (Record no. 10244)

MARC details
000 -LEADER
fixed length control field 00468nam a2200181 a 4500
020 ## - INTERNATIONAL STANDARD BOOK NUMBER
ISBN 8120889
082 00 - DEWEY DECIMAL CLASSIFICATION NUMBER
Classification number 294.5921
Author Cutter SHA
100 ## - MAIN ENTRY--AUTHOR NAME
Author name Sharma, Arvind
245 ## - TITLE STATEMENT
Title Experimental Dimensions of Advaita Vedanta.
260 ## - PUBLICATION, DISTRIBUTION, ETC. (IMPRINT)
Place of publication Delhi
Name of publisher Motilal Banarsidass
Year of publication 1993
300 ## - PHYSICAL DESCRIPTION
Number of Pages 116p.
500 ## - GENERAL NOTE
General note includes index and biblioraphy
505 2# - FORMATTED CONTENTS NOTE
Formatted contents note Bibliography
650 ## - SUBJECT ADDED ENTRY--TOPICAL TERM
Topical Term Vedas-Hinduism
650 ## - SUBJECT ADDED ENTRY--TOPICAL TERM
Topical Term Advaita Vedanta
942 ## - ADDED ENTRY ELEMENTS (KOHA)
Koha item type Books
700 1# -
-- Sharma, Arvind
Holdings
Collection code Home library Current library Date acquired Cost, normal purchase price Full call number Accession Number Koha item type
  Henry Martyn Institute Library Henry Martyn Institute Library 07/25/2007 125.00 294.5921 SHA 015491 Books
                   Copyright © 2026 | Henry Martyn Institute | Hyderabad | TS-500052 | INDIA | Implemented by hmi.edu.in
Hit-Count:

Powered by Koha